000 00269nam a2200109Ia 4500
008 200302s9999 xx 000 0 und d
100 _aSuzanne Macleod
245 _aMuseum Architecture A New Biography
260 _bTaylor &Francis Group
260 _c2013
300 _a237
999 _c3782
_d3782